000 00216nam a22000857a 4500
001 1236070
005 20251001124208.0
245 _aANNEN MAĞARA KADINI OLMUŞ
_cJON SCIESZKA
260 _bGÜNIŞIĞI KİTAPLIĞI YAYINLARI
999 _c1236070
_d1236070